000 nam a22 7a 4500
999 _c9413
_d9413
008 180517b ||||| |||| 00| 0 eng d
020 _a1888996099
082 _21999
_aDC 808.81
_bEd2
100 _927999
_aEdelman, Bart.
245 _aThe Book of Life/
_cBart Edelman.
260 _aPalmdale, Calif. :
_bRed Hen Press,
_c©1999.
300 _apage 15;
_c22 cm.
500 _aThe Alphabet of love
650 0 _927998
_aLove
_xPoems.
942 _2ddc
_cDC